00353nam a2200145Ia 4500008004100000041000800041082001700049100001200066245001700078260003400095300000900129500003400138650002300172700001200195230125s9999 xx 000 0 und d aeng a891.463bJOS aJoshi V aMulga Mazach c2000bRajhans prakashanaPune a123p aLiterature;Marathi Literature aMarathi Literature aJoshi V